000 00681cam a22002413a 4500
001 27833
003 PGUSA
005 20140828083612.0
008 090118s2009||||xxu|||||s|||||000 | eng d
040 _aPGUSA
_beng
042 _adc
050 4 _aL
100 1 _aAsscher, Eva Wilhelmina,
_d1867-1940
245 1 0 _aPaedagogische Overwegingen
_h[electronic resource] /
_cEva Wilhelmina Asscher
260 _bProject Gutenberg,
_c2009
506 _aPublic domain in the USA.
516 _aElectronic text
653 _aEducation
700 1 _aGunning, J. H.,
_d1859-1951
830 0 _aProject Gutenberg
_v27833
856 4 0 _uhttp://www.gutenberg.org/ebooks/27833
942 _cEB
999 _c257088
_d257088